| 000 | 00910nam a2200289 a 4500 | ||
|---|---|---|---|
| 008 | 060426s2006||||xo g 000 0 slo d | ||
| 020 |
_a805511112X _q(viaz.) _c199 |
||
| 040 |
_aSNK _bslo _cSNK _eAACR2 |
||
| 041 | 1 |
_aslo _heng |
|
| 044 |
_axo _cSK _cSK |
||
| 072 | 7 |
_a316.4/.7 _xSociálne interakcie _2konspekt |
|
| 080 |
_a177.61 _22001 |
||
| 080 |
_a316.472.42 _22001 |
||
| 080 |
_a(0.062) _22001 |
||
| 080 |
_a316.346.2 _22001 |
||
| 080 |
_a173 _22001 |
||
| 100 | 1 | _aCox, Tracey | |
| 240 | 1 | 0 |
_aHot love how to get it _lSlovensky |
| 245 | 1 | 0 |
_aVášnivá láska _cTracey Coxová ; [z anglického originálu preložil Martin Štulrajter] |
| 250 | _a[1. vyd.] | ||
| 260 |
_aBratislava _bIkar _c2006 |
||
| 300 |
_a152 s. _c21 cm |
||
| 650 | 0 | 7 |
_amuži a ženy _2SNKPH |
| 650 | 0 | 7 |
_apartnerské vzťahy _2SNKPH |
| 700 | 1 |
_aŠtulrajter, Martin _4trl |
|
| 765 | 0 | _aHot love how to get it. Slovensky ; Cox, Tracey | |
| 999 |
_c8096 _d8096 |
||